| 000 | 00574nam a2200241 a 4500 | ||
|---|---|---|---|
| 001 | nice12345678 | ||
| 003 | IN_TiNIC | ||
| 005 | 20260116011440.0 | ||
| 008 | 050524s1915 lona grp 000 0 eng | ||
| 020 |
_a _c0 |
||
| 082 | 0 | 0 |
_a305.40950 _bCOO |
| 100 | _aCooper, Elizabeth | ||
| 245 | _aHarim and the Purdah | ||
| 260 |
_aLondon _bT.Fisher Unwin Ltd _c1915 |
||
| 300 | _a309p | ||
| 500 | _aincludes index and biblioraphy | ||
| 505 | 2 | _aBibliography | |
| 650 | _aWomen-Asia | ||
| 700 | 1 | _aCooper, Elizabeth | |
| 902 | _bRBA | ||
| 942 | _cBK | ||
| 999 |
_c1627 _d1627 |
||